[Event "Steinfurt Bezirksliga 1213"]
[Site "Germany"]
[Date "2013.02.02"]
[Round "6.8"]
[White "Berken, Andre"]
[Black "Kroeger, Ralf"]
[Result "0-1"]
[WhiteElo "1390"]
[BlackElo "1439"]
[PlyCount "64"]
[EventDate "2012.09.22"]
[EventType "team-tourn"]
[EventRounds "9"]
[EventCountry "GER"]
[SourceTitle "EXT 2015"]
[Source "ChessBase"]
[SourceDate "2014.11.20"]
[SourceVersion "1"]
[SourceVersionDate "2014.11.20"]
[SourceQuality "1"]
[WhiteTeam "Nordwalde"]
[BlackTeam "Steinfurt II"]
[WhiteTeamCountry "GER"]
[BlackTeamCountry "GER"]

1. d4 d5 2. c4 e6 3. Nc3 Nf6 4. Bg5 Be7 5. cxd5 Nxd5 6. Bxe7 Nxe7 7. Nf3 0-0 8. g3 b6 9. Bg2 Bb7 10. 0-0 Nd7 11. Qc2 Nd5 12. Nb5 Ba6 13. Nc3 Nxc3 14. bxc3 Bb7 15. e3 Qe7 16. Rab1 Nf6 17. Ng5 Bxg2 18. Kxg2 h6 19. Ne4 Nd5 20. Qa4 f5 21. c4 fxe4 22. cxd5 exd5 23. Qc6 Qf7 24. Rbc1 Rac8 25. Qb5 h5 26. h4 Kh8 27. Rc2 g5 28. hxg5 Qf3+ 29. Kh2 Qf5 30. g6 Qxg6 31. Qxd5 Rf5 32. Qxe4 Rxf2+ 0-1

[Event "Steinfurt Bezirksklasse 1011"]
[Site "Germany"]
[Date "2010.11.27"]
[Round "3.4"]
[White "Berken, Andre"]
[Black "Jendraszyk, Daniel"]
[Result "1-0"]
[WhiteElo "1335"]
[BlackElo "1328"]
[PlyCount "64"]
[EventDate "2010.09.25"]
[EventType "team-tourn"]
[EventRounds "9"]
[EventCountry "GER"]
[SourceTitle "EXT 2012"]
[Source "ChessBase"]
[SourceDate "2011.11.24"]
[SourceVersion "1"]
[SourceVersionDate "2011.11.24"]
[SourceQuality "1"]
[WhiteTeam "Nordwalde II"]
[BlackTeam "Emsdetten Rochade IV"]
[WhiteTeamCountry "GER"]
[BlackTeamCountry "GER"]

1. d4 d5 2. c4 e6 3. Nc3 Nf6 4. Bg5 Be7 5. Nf3 b6 6. e3 Ba6 7. Be2 dxc4 8. Qa4+ c6 9. Ne5 b5 10. Qc2 Nd5 11. Bxe7 Qxe7 12. Bf3 Bb7 13. Bxd5 cxd5 14. Nxb5 Qb4+ 15. Nc3 a5 16. a3 Qb3 17. Qxb3 cxb3 18. Nb5 0-0 19. Nd6 Ba6 20. Rc1 Ra7 21. Rc5 Rd8 22. Ndxf7 Rxf7 23. Nxf7 Kxf7 24. Rxa5 Rc8 25. Rc5 Rxc5 26. dxc5 Ke7 27. Kd2 Nc6 28. Kc3 Kd7 29. e4 Ne5 30. Re1 Nd3 31. Re2 Nxc5 32. Re3 Nxe4+ 1-0

[Event "Steinfurt Bezirksliga 0809"]
[Site "Germany"]
[Date "2008.10.25"]
[Round "2.5"]
[White "Berken, Andre"]
[Black "Krueler, Andreas"]
[Result "0-1"]
[WhiteElo "1384"]
[BlackElo "1463"]
[PlyCount "70"]
[EventDate "2008.09.27"]
[EventType "team-tourn"]
[EventRounds "9"]
[EventCountry "GER"]
[SourceTitle "EXT 2010"]
[Source "ChessBase"]
[SourceDate "2010.11.25"]
[SourceVersion "1"]
[SourceVersionDate "2010.11.25"]
[SourceQuality "1"]
[WhiteTeam "Nordwalde II"]
[BlackTeam "Steinfurt III"]
[WhiteTeamCountry "GER"]
[BlackTeamCountry "GER"]

1. d4 d5 2. c4 c6 3. Nc3 e6 4. Nf3 Be7 5. Bf4 Nd7 6. c5 Ngf6 7. Ne5 Nh5 8. Nxd7 Nxf4 9. e3 Nxg2+ 10. Bxg2 Bxd7 11. Qc2 b6 12. b4 a5 13. Qb2 axb4 14. Qxb4 bxc5 15. dxc5 Rb8 16. Qd4 Bf6 17. Qd3 Qa5 18. Rc1 Qxc5 19. 0-0 Qa3 20. Qd2 0-0 21. Rc2 Be7 22. Nb1 Qa7 23. e4 Rb4 24. exd5 cxd5 25. Re1 Rd4 26. Qe3 Bc5 27. Nd2 Rc8 28. Nb3 Rc4 29. Nxc5 Rxc2 30. Nxd7 Qxd7 31. a3 R8c3 32. Qb6 Rxa3 33. Bxd5 exd5 34. Qb7 Rc7 35. Qxd5 h6 0-1

[Event "Steinfurt Bezirksliga 0708"]
[Site "Germany"]
[Date "2008.01.19"]
[Round "5.6"]
[White "Berken, Andre"]
[Black "Hillen, Thomas"]
[Result "1/2-1/2"]
[WhiteElo "1293"]
[BlackElo "1441"]
[PlyCount "37"]
[EventDate "2007.09.22"]
[EventType "team-tourn"]
[EventRounds "9"]
[EventCountry "GER"]
[SourceTitle "EXT 2009"]
[Source "ChessBase"]
[SourceDate "2008.11.26"]
[SourceVersion "1"]
[SourceVersionDate "2008.11.26"]
[SourceQuality "1"]
[WhiteTeam "Nordwalde II"]
[BlackTeam "Emsdetten Rochade III"]
[WhiteTeamCountry "GER"]
[BlackTeamCountry "GER"]

1. d4 e6 2. c4 d5 3. Nc3 dxc4 4. e4 c6 5. Bxc4 Nd7 6. Nf3 b5 7. Bb3 a5 8. a4 b4 9. Ne2 Ba6 10. Qc2 Rc8 11. Bc4 Bxc4 12. Qxc4 Ngf6 13. Bg5 Be7 14. Bxf6 Nxf6 15. e5 Nd7 16. Rc1 0-0 17. 0-0 c5 18. Qb5 Rb8 19. Qa6 1/2-1/2

[Event "Steinfurt Bezirksklasse 0607"]
[Site "Germany"]
[Date "2006.11.25"]
[Round "3.1"]
[White "Rengers, Rainer"]
[Black "Berken, Andre"]
[Result "1-0"]
[WhiteElo "1638"]
[BlackElo "1288"]
[PlyCount "39"]
[EventDate "2006.09.30"]
[EventType "team-tourn"]
[EventRounds "7"]
[EventCountry "GER"]
[SourceTitle "EXT 2008"]
[Source "ChessBase"]
[SourceDate "2007.11.25"]
[SourceVersion "1"]
[SourceVersionDate "2007.11.25"]
[SourceQuality "1"]
[WhiteTeam "Neuenkirchen II"]
[BlackTeam "Nordwalde III"]
[WhiteTeamCountry "GER"]
[BlackTeamCountry "GER"]

1. d4 d5 2. Nf3 Nc6 3. Bf4 Bf5 4. c3 e6 5. Nbd2 Bd6 6. Bg5 Nf6 7. e3 a6 8. Nh4 Bg4 9. Bxf6 Bxd1 10. Bxd8 Rxd8 11. Rxd1 0-0 12. Be2 f6 13. Nhf3 e5 14. dxe5 fxe5 15. Nb3 Be7 16. 0-0 b5 17. Rd2 Rd6 18. Rfd1 Rfd8 19. Nc5 Na5 20. Nxe5 1-0

[Event "Steinfurt Bezirksklasse 0405"]
[Site "Germany"]
[Date "2005.04.16"]
[Round "9.4"]
[White "Roos, Philipp"]
[Black "Berken, Andre"]
[Result "1/2-1/2"]
[WhiteElo "1245"]
[BlackElo "1267"]
[PlyCount "40"]
[EventDate "2004.09.18"]
[EventType "team-tourn"]
[EventRounds "11"]
[EventCountry "GER"]
[SourceTitle "EXT 2006"]
[Source "ChessBase"]
[SourceDate "2005.11.24"]
[SourceVersion "1"]
[SourceVersionDate "2005.11.24"]
[SourceQuality "1"]
[WhiteTeam "Saerbeck IV"]
[BlackTeam "Nordwalde III"]
[WhiteTeamCountry "GER"]
[BlackTeamCountry "GER"]

1. d4 d5 2. c4 e6 3. Nc3 Nf6 4. Bg5 Be7 5. e3 h6 6. Bxf6 Bxf6 7. Nf3 b6 8. cxd5 exd5 9. g3 c6 10. Bg2 Ba6 11. Ne2 0-0 12. 0-0 Qe7 13. Re1 Nd7 14. Qc2 Rac8 15. Nc3 Bb7 16. Rac1 Qb4 17. a3 Qa5 18. Bh3 Rfd8 19. Ra1 b5 20. b4 Qb6 1/2-1/2

[Event "Steinfurt Bezirksklasse 0405"]
[Site "Germany"]
[Date "2004.12.04"]
[Round "5.3"]
[White "Berken, Andre"]
[Black "Krueler, Andreas"]
[Result "1/2-1/2"]
[WhiteElo "1267"]
[BlackElo "1308"]
[PlyCount "65"]
[EventDate "2004.09.18"]
[EventType "team-tourn"]
[EventRounds "11"]
[EventCountry "GER"]
[SourceTitle "EXT 2006"]
[Source "ChessBase"]
[SourceDate "2005.11.24"]
[SourceVersion "1"]
[SourceVersionDate "2005.11.24"]
[SourceQuality "1"]
[WhiteTeam "Nordwalde III"]
[BlackTeam "Steinfurt IV"]
[WhiteTeamCountry "GER"]
[BlackTeamCountry "GER"]

1. e4 e5 2. Nf3 Nc6 3. Bb5 d6 4. h3 Be7 5. d3 Be6 6. Be3 a6 7. Ba4 Nf6 8. Nbd2 0-0 9. 0-0 b5 10. Bb3 Qd7 11. c3 Na5 12. Bxe6 Qxe6 13. d4 exd4 14. Ng5 Qd7 15. Bxd4 c5 16. Be3 Nc6 17. Qc2 h6 18. Ngf3 Rfe8 19. Bf4 Nh5 20. Bh2 Bd8 21. Rfe1 Bc7 22. Kh1 Re6 23. Re2 Rg6 24. Nh4 Rf6 25. Ndf3 Re6 26. Rd1 Qe8 27. Nf5 Rd8 28. a3 Ne5 29. Nxe5 dxe5 30. Ne3 Nf6 31. Nd5 Bb8 32. Nxf6+ Rxf6 33. Rxd8 1/2-1/2